| 000 | 00528nam a2200157 i 4500 | ||
|---|---|---|---|
| 001 | 60770 | ||
| 003 | ES-MaACL | ||
| 005 | 20230906164313.0 | ||
| 007 | t| | ||
| 008 | 031106q1942 mx ||||1| spa d | ||
| 100 | 1 |
_aEsplá, Carlos. _947930 |
|
| 245 | 1 | 0 |
_a¿Cuándo volvemos a España? _b: conferencia en el Centro Republicano Español de México, el 16 de julio de 1942 / _cCarlos Esplá. |
| 260 |
_aMéxico : _bAteneo salmerón, _c[1942] ( _fAntorcha) |
||
| 300 |
_a35 p. ; _c17 cm. |
||
| 852 |
_aES-MaACL _j2122-F-22 _bR.107674 |
||
| 999 |
_c60770 _d60770 |
||